000 00354nam a2200133Ia 4500
008 240624s9999 xx 000 0 und d
041 _aeng
082 _a332.042 KAU
100 _aKAUFMAN HENRY
245 _aTECTONIC SHIFTS IN FINANCIAL MARKETS PEO
260 _c2016
_aLondon
_bPalgrave Macmillan
300 _axvii, 180 p.; 23 cm.
365 _cERU
_b31
999 _c30145
_d30145